| 000 | 00786nam a22002177a 4500 | ||
|---|---|---|---|
| 999 |
_c11496 _d11496 |
||
| 003 | AR-CdUCM | ||
| 008 | 190404b ||||| |||| 00| 0 spa d | ||
| 040 |
_aMUNICIPALIDAD PROVINCIAL DEL CUSCO _cBIBLIOTECA MUNICIPAL DEL CUSCO |
||
| 082 |
_a328.3 / _bH673 / 1955 |
||
| 110 |
_aCámara de Senadores _928897 |
||
| 245 | _aHistoria del Senado del Perú / | ||
| 260 |
_aLima : _bP. L. Villanueva, _c1955. |
||
| 300 |
_a446 páginas ; _bIlustraciones, _c25 cm. |
||
| 505 | _aContenido: El senado en la historia del parlamento -- Establecimiento del parlamento en el Perú -- Primera legislatura del senado de 1829 ... | ||
| 650 |
_aCámara de Senadores _928898 |
||
| 650 |
_aHistoria _9136 |
||
| 650 |
_aPerú _935 |
||
| 650 |
_aCongreso _912680 |
||
| 942 |
_2ddc _cLIBROS |
||
| 945 | _acmm | ||